Top 10 Città più popolose Provincia di Rieti - Statistics

Statistiche generali
  • Questo quiz è stato fatto 19 volte
  • Il punteggio medio è 5 su 10
Statistiche sulle risposte
Popolazione (ab.) Città % Corretto
46 187 Rieti
100%
12 326 Fara in Sabina
75%
6 900 Cittaducale
58%
3 799 Magliano Sabina
50%
4 615 Borgorose
42%
2 933 Forano
42%
5 995 Poggio Mirteto
42%
3 601 Contigliano
33%
4 222 Montopoli di Sabina
33%
2 934 Scandriglia
25%
Nessun quiz corrispondente trovato
Distribuzione punteggi
Percentuale di utenti per punteggio
Percentile per numero di risposta
I tuoi punteggi nel tempo
Non hai fatto questo quiz